Vertical mergers and market foreclosure comment

Salvato in:
Dettagli Bibliografici
Autore principale: Schrader, Alexander
Natura: Libro
Lingua:inglese
Pubblicazione: San Domenico (FI) European University Institute 1994
Serie:EUI Working paper ECO No. 94/24
Soggetti:
Tags: Aggiungi Tag
Nessun Tag, puoi essere il primo ad aggiungerne!!

MARC

LEADER 00000nam a2200000 4500
001 c142995
005 20221123112931.6
041 0 |a eng 
044 |a IT 
245 1 0 |a Vertical mergers and market foreclosure  |b comment  |c Alexander Schrader 
264 1 |a San Domenico (FI)  |b European University Institute  |c 1994 
300 |a 17 s. 
490 1 |a EUI Working paper ECO  |v No. 94/24 
830 0 |a EUI Working paper ECO  |v No. 94/24 
610 2 0 |a modelovanie ekonometrické 
610 2 0 |a konfiškácia 
610 2 0 |a trh 
100 1 |a Schrader, Alexander